Inovačný proces v e-learningu recenzovaný zborník príspevkov z medzinárodnej konferencie : Bratislava, 5. marec 2008
| Korporatívny autor: | |
|---|---|
| Ďalší autori: | , |
| Médium: | Konferenčný príspevok Kniha |
| Jazyk: | slovenčina čeština angličtina |
| Fyzický popis: | 154 s. fotogr., sch., tab. 21 cm |
| Vydavateľské údaje: |
Bratislava
Ekonóm
2008
|
| ISBN: | 9788022525107 (brož.) |
| Vydanie: | [1. vyd.] |
| Predmet: |
MARC
| LEADER | 00000nam a2200000 a 4500 | ||
|---|---|---|---|
| 001 | vtls009294481 | ||
| 003 | SK-MaSNL | ||
| 005 | 20260301210739.0 | ||
| 008 | 160114s2008 xo ol f a 100 0 slo | ||
| 015 | |a SNBA2008/05-02216 | ||
| 020 | |a 9788022525107 (brož.) | ||
| 035 | |a 22ABD930-397A-4A14-96F6-E85A41306A18 | ||
| 035 | |a urn:nbn:sk:snk-amk4ki | ||
| 035 | |a urn:nbn:sk:snk-am0057sw | ||
| 040 | |a SNK |b slo |c SNK |e AACR2 | ||
| 041 | 0 | |a slo |a cze |a eng |b slo |b cze |b eng | |
| 044 | |a xo |c SK | ||
| 072 | 7 | |a 37 |x Výchova a vzdelávanie |2 konspekt | |
| 080 | |a 371.3:004 |2 2001 | ||
| 080 | |a 37.0:001.895 |2 2001 | ||
| 080 | |a (062.534) |2 2001 | ||
| 111 | 2 | |a Inovačný proces v e-learningu |d (2008 : |c Bratislava, Slovensko) |9 114729 | |
| 245 | 1 | 0 | |a Inovačný proces v e-learningu |b recenzovaný zborník príspevkov z medzinárodnej konferencie : Bratislava, 5. marec 2008 |c [editor: Janette Brixová, Hana Trochanová] |
| 250 | |a [1. vyd.] | ||
| 260 | |a Bratislava |b Ekonóm |c 2008 | ||
| 300 | |a 154 s. |b fotogr., sch., tab. |c 21 cm | ||
| 504 | |a Bibliogr. odkazy | ||
| 546 | |a Text aj čes. a angl. Res. slov., čes. a angl. | ||
| 650 | 0 | 7 | |a e-learning |2 SNKPH |9 28660 |
| 650 | 0 | 7 | |a inovácie vo vzdelávaní |2 SNKPH |9 79699 |
| 650 | 0 | 7 | |a Educational innovations |2 SNKPHeng |9 303041 |
| 655 | 7 | |a zborníky konferencií |2 SNKPH |9 70153 | |
| 655 | 7 | |a Proceedings of conferences |2 SNKPHeng |9 265791 | |
| 700 | 1 | |a Brixová, Janette, |d 1965- |4 edt |9 193832 | |
| 700 | 1 | |a Trochanová, Hana |4 edt |9 594209 | |
| 919 | |a 978-80-225-2510-7 | ||
| 958 | |a NB | ||
| 958 | |a OND | ||
| 968 | |d 37 | ||
| 999 | |c 914664 |d 916594 | ||
| 952 | |a SNK |b SNK |y PREZ |7 0 |p 17A0589233 |o snkSC 131983 |i snk2008/10532 |8 0 |0 0 |1 0 |4 0 |d 2008-05-15 |f 1 |l 0 |r 2025-06-23 00:00:00 |w 2026-02-24 | ||
| 952 | |a SNK |b SNK |y VYP |7 0 |p 17A0589232 |o snkSC 131983 D1 |i snk2008/10533 |8 0 |0 0 |1 0 |4 0 |d 2008-05-15 |l 0 |r 2026-02-24 07:55:55 |w 2026-02-24 | ||


